Szczegóły MARC21

Zastosowania komputera w bibliotece : poradnik /

003 -Nazwa inst., której nr kontr. jest w polu 001 [,]
    • @
    • Nazwa instytucji, której n kontrolny jest w polu 001
    • NUKAT
005 -DATA I CZAS OSTATNIEJ MODYFIKACJI [,]
    • @
    • pole kontrolne
    • 20241231105957.0
020 -Międzynarod. znormalizowany nr książki - ISBN [ , ]
    • a
    • Numer ISBN
    • 8385778675 Find
040 -Instytucja sporządzająca opis [ , ]
    • a
    • Instytucja, która sporządziła opis (NP)
    • LUBL M/IK
    • c
    • Instytucja, która sporządziła rekord (NP)
    • LUBL M/IK
    • d
    • Instytucja, która zmodyfikowała rekord (P)
    • LUBL M/IKs
    • d
    • Instytucja, która zmodyfikowała rekord (P)
    • LUBL M/JD
    • d
    • Instytucja, która zmodyfikowała rekord (P)
    • WR O/PC
942 -Rodzaj dokumentu [ , ]
    • c
    • Rodzaj dokumentu
    • Książka
100 -Hasło główne - nazwa osobowa [1, ]
    • a
    • Nazwa osobowa (NP)
    • Maj, Jerzy
    • d
    • Daty biograficzne (NP)
    • (1933-2022).
    • 9
    • KHW
    • 491911
245 -Strefa tytułu i oznaczenia odpowiedzialności [1,0]
    • a
    • Tytuł
    • Zastosowania komputera w bibliotece : Find
    • b
    • Ciąg dalszy tytułu (NP)
    • poradnik / Find
    • c
    • Pozostałe elementy strefy tytułu i oznaczenia odpowiedzialności (NP)
    • Jerzy Maj, Marek Nahotko, Władysław Szczęch ; Stowarzyszenie Bibliotekarzy Polskich.
246 -Wariant tytułu [1,5]
    • a
    • Tytuł (NP)
    • Computer's applications in the library :
    • b
    • Ciąg dalszy tytułu (NP)
    • the users guide
260 -Strefa adresu wydawniczego [ , ]
    • a
    • Miejsce wydania (P)
    • Warszawa :
    • b
    • Nazwa wydawcy (P)
    • Wydawnictwo SBP,
    • c
    • Data wydania (P)
    • 1996.
300 -Strefa opisu fizycznego [ , ]
    • a
    • Określenie formy książki i/lub objętość (NP)
    • 157 s. :
    • b
    • Oznaczenie ilustracji (NP)
    • il. ;
    • c
    • Format (NP)
    • 21 cm.
336 -Typ zawartości [ , ]
    • a
    • Termin opisujący typ zawartości
    • Tekst
    • b
    • Kod określający zawartość
    • txt
    • 2
    • Źródło (terminu i kodu)
    • rdacontent
337 -Typ mediów [ , ]
    • a
    • Tryb odtwarzania
    • Bez urządzenia pośredniczącego
    • b
    • Kod typu mediów
    • n
    • 2
    • Źródło (terminu i kodu)
    • rdamedia
338 -Typ/rodzaj nośnika [ , ]
    • a
    • Hasło opisujące typ nośnika
    • Wolumin
    • b
    • Kod typu nośnika
    • nc
    • 2
    • Źródło (terminu i kodu)
    • rdacarrier
490 -Strefa serii i książki wielotomowej - forma nie do wyszukiwania [1, ]
    • a
    • Tytuł (P)
    • Nauka, Dydaktyka, Praktyka = Find
    • a
    • Tytuł (P)
    • Science, Didactics, Practice ; Find
    • v
    • Numeracja (P)
    • 20
830 -Hasło dodatkowe serii i opisu książki wielotomowej - tytuł ujednolicony/tytuł [ ,0]
    • a
    • Tytuł ujednolicony/tytuł (NP)
    • Nauka, Dydaktyka, Praktyka
    • v
    • Oznaczenie tomu (NP)
    • 20
    • 9
    • KHW
    • 7614
500 -Uwaga ogólna [ , ]
    • a
    • Uwaga ogólna (NP)
    • Na s. red.: Publikacja ta jest poszerzonym i uzupełnionym wydaniem numeru specjalnego miesięcznika "Poradnik Bibliotekarza" pt. "Mikrokomputer w bibliotece", który ukazał się w 1990 r.
504 -Uwaga dot. bibliogr. załącznikowej [ , ]
    • a
    • Uwaga dot. bibliografii załącznikowej
    • Bibliogr. s. 157.
510 -Uwaga dot. cytaty bibliograficznej [4, ]
    • a
    • Nazwa źródła
    • PB'1999,
    • c
    • Umiejscowienie w źródle
    • 14786.
546 -Uwaga dot. języka [ , ]
    • a
    • Uwaga dot. języka
    • Spis treści także ang.
080 -Uniwersalna Klasyfikacja Dziesiętna [ , ]
    • a
    • Symbol klasyfikacji
    • 025
    • 9
    • UKD
    • 2279
    • 2
    • Identyfikator wydania tablic
    • UDC-P058
    • b
    • Dopowiedzenie
    • Organizacja biblioteki. Technika i metodyka pracy bibliotecznej.
080 -Uniwersalna Klasyfikacja Dziesiętna [ , ]
    • a
    • Symbol klasyfikacji
    • :681.322.06
650 -Hasło przedmiotowe [ ,7]
    • a
    • Hasło przedmiotowe
    • Biblioteki
    • x
    • Określnik rzeczowy
    • informatyka
    • v
    • Określnik formalny
    • poradniki.
    • 2
    • Źródło terminu
    • kaba
    • 9
    • KHW
    • 704094
980 -Symbol UKD [ , ]
    • a
    • UKD
    • 025:681.322.06
700 -Hasło dodatkowe - nazwa osobowa [1, ]
    • a
    • Nazwa osobowa (NP)
    • Nahotko, Marek Find
    • d
    • Daty biograficzne (NP)
    • (1959- ).
    • 9
    • KHW
    • 672932
700 -Hasło dodatkowe - nazwa osobowa [1, ]
    • a
    • Nazwa osobowa (NP)
    • Szczęch, Władysław. Find
    • 9
    • KHW
    • 554313
710 -Hasło dodatkowe - nazwa ciała zbiorowego [2, ]
    • a
    • Nazwa ciała zbiorowego lub nazwa geograficzna jako pierwszy element (NP)
    • Stowarzyszenie Bibliotekarzy Polskich.
    • b
    • Nazwa jednostki podrzędnej (P)
    • Wydawnictwo.
    • 4
    • Kod relacji
    • pbl
    • 9
    • KHW
    • 52190
920 -ISBN [ , ]
    • a
    • ISBN
    • 83-85778-67-5 Find
Data inwentaryzacji Lokalizacja Numer inwentarzowy Status udost.
1998-12-07BEE.65840-2